000 00392nam a22001457a 4500
020 _a9781627033534
082 _a620.5
_bGER/PR
100 _aGerrard, Juliet. A
_9277
245 _aProtein Nanotechnology: protocols, Instrumentation, and Applications
250 _a2
260 _aNew York
_bHumana Press
_c2013
300 _a371
490 _aMethods in Molecular Biology 996
942 _cBK
999 _c14216
_d14216